[Event "GLC Challenge"]
[Site "London"]
[Date "1986.03.11"]
[Round "1"]
[White "Chandler, Murray G"]
[Black "Vaganian, Rafael A"]
[Result "1-0"]
[WhiteElo "2535"]
[BlackElo "2645"]
[PlyCount "73"]
[EventDate "1986.03.11"]
[EventType "tourn"]
[EventRounds "13"]
[EventCountry "ENG"]
[EventCategory "13"]
[SourceTitle "BritBase"]
[Source "John Saunders"]
[SourceDate "2020.09.07"]
[SourceVersion "1"]
[SourceVersionDate "2020.09.07"]
[SourceQuality "2"]

1. e4 e6 2. d4 d5 3. Nc3 Bb4 4. e5 c5 5. a3 Ba5 6. b4 cxd4 7. Nb5 Bc7 8. f4 Bd7
9. Nf3 Bxb5 10. Bxb5+ Nc6 11. O-O Nge7 12. Bd3 a6 13. Kh1 h6 14. Qe2 Qd7 15.
Bb2 Bb6 16. Rae1 Rc8 17. g4 g6 18. Nh4 h5 19. f5 hxg4 20. fxg6 Rxh4 21. gxf7+
Kf8 22. Bc1 Nf5 23. Bxf5 d3 24. Bxd3 g3 25. Qg2 Rxh2+ 26. Qxh2 gxh2 27. Bh6+
Ke7 28. Bg5+ Kf8 29. Bh6+ Ke7 30. Bg6 Bc7 31. Bg5+ Kf8 32. Bh6+ Ke7 33. f8=Q+
Rxf8 34. Bxf8+ Kd8 35. Rf7 Qe8 36. Bg7 Nxe5 37. Bf6+ 1-0

[Event "GLC Challenge"]
[Site "London"]
[Date "1986.03.11"]
[Round "1"]
[White "Dlugy, Maxim"]
[Black "Flear, Glenn C"]
[Result "0-1"]
[WhiteElo "2545"]
[BlackElo "2485"]
[PlyCount "134"]
[EventDate "1986.03.11"]
[EventType "tourn"]
[EventRounds "13"]
[EventCountry "ENG"]
[EventCategory "13"]
[SourceTitle "BritBase"]
[Source "John Saunders"]
[SourceDate "2020.09.07"]
[SourceVersion "1"]
[SourceVersionDate "2020.09.07"]
[SourceQuality "2"]

1. d4 d5 2. c4 e6 3. Nf3 Nf6 4. g3 dxc4 5. Bg2 a6 6. O-O b5 7. Ne5 Nd5 8. a4
Bb7 9. e4 Nf6 10. axb5 axb5 11. Rxa8 Bxa8 12. Nc3 c6 13. Bg5 Be7 14. Qa1 Bb7
15. Qa7 Qc8 16. Nf3 h6 17. Bxf6 Bxf6 18. e5 Be7 19. Nd2 O-O 20. Nxb5 cxb5 21.
Bxb7 Qc7 22. Ra1 Bb4 23. Nf3 c3 24. bxc3 Bxc3 25. Be4 Qc4 26. Ra3 Nc6 27. Bxc6
Qxc6 28. Qc5 Qxc5 29. dxc5 b4 30. Ra5 b3 31. Rb5 b2 32. Kf1 Rc8 33. Ne1 Rxc5
34. Rb8+ Kh7 35. Nd3 Rc8 36. Rb5 Ra8 37. Nxb2 Ra1+ 38. Kg2 Rb1 39. Rc5 Bxb2 40.
Rb5 g5 41. g4 Kg6 42. Kf3 h5 43. h3 h4 44. Rb7 Kh6 45. Kg2 Kg7 46. Rb8 f6 47.
exf6+ Kxf6 48. Kf3 e5 49. Rb6+ Ke7 50. Ke2 Kd7 51. Kd3 Kc7 52. Rb3 Kc6 53. Rb8
Kc5 54. Rb7 e4+ 55. Kxe4 Re1+ 56. Kf3 Be5 57. Kg2 Kd4 58. Kf3 Bf4 59. Kg2 Ke4
60. Rf7 Ra1 61. Re7+ Be5 62. Re8 Ra2 63. Kg1 Ra5 64. Kg2 Kd3 65. Kf3 Bd4 66.
Rf8 Ra6 67. Kg2 Rf6 0-1

[Event "GLC Challenge"]
[Site "London"]
[Date "1986.03.12"]
[Round "2"]
[White "Chandler, Murray G"]
[Black "Short, Nigel D"]
[Result "1-0"]
[WhiteElo "2535"]
[BlackElo "2585"]
[PlyCount "115"]
[EventDate "1986.03.11"]
[EventType "tourn"]
[EventRounds "13"]
[EventCountry "ENG"]
[EventCategory "13"]
[SourceTitle "BritBase"]
[Source "John Saunders"]
[SourceDate "2020.09.07"]
[SourceVersion "1"]
[SourceVersionDate "2020.09.07"]
[SourceQuality "2"]

1. e4 e5 2. Nf3 Nf6 3. Nxe5 d6 4. Nf3 Nxe4 5. d3 Nf6 6. d4 d5 7. Bd3 Bd6 8. O-O
O-O 9. h3 h6 10. Re1 Nc6 11. a3 Re8 12. Rxe8+ Qxe8 13. Nc3 a6 14. Be3 Bd7 15.
Nh4 Qe6 16. Bf5 Qe8 17. Qf3 Bxf5 18. Nxf5 Qe6 19. Re1 Re8 20. Re2 Ne4 21. Qg4
g6 22. Nxh6+ Kg7 23. Qxe6 Rxe6 24. Nxd5 f5 25. c3 Ne7 26. Nxe7 Bxe7 27. g4 Nd6
28. Kf1 Rxe3 29. Rxe3 Bg5 30. Nxf5+ gxf5 31. Re2 b5 32. b3 Ne4 33. gxf5 Nxc3
34. Rc2 b4 35. axb4 Nb5 36. Rc6 Be7 37. d5 Bxb4 38. Rxa6 Nd4 39. Ra4 Bc5 40.
Rc4 Bb6 41. b4 Nxf5 42. Ke2 Ne7 43. Kd3 Nxd5 44. Ke4 Ne7 45. Ke5 Kf7 46. Rf4+
Kg7 47. Ke6 Nc6 48. Rg4+ Kh6 49. f4 Nxb4 50. Rh4+ Kg7 51. f5 Nd3 52. f6+ Kg6
53. Rg4+ Kh5 54. Kf5 Bc5 55. Rg7 Kh4 56. Rxc7 Kxh3 57. f7 Bb4 58. Rc4 1-0

[Event "GLC Challenge"]
[Site "London"]
[Date "1986.03.13"]
[Round "3"]
[White "Polugaevsky, Lev"]
[Black "Flear, Glenn C"]
[Result "1-0"]
[WhiteElo "2575"]
[BlackElo "2485"]
[PlyCount "61"]
[EventDate "1986.03.11"]
[EventType "tourn"]
[EventRounds "13"]
[EventCountry "ENG"]
[EventCategory "13"]
[SourceTitle "BritBase"]
[Source "John Saunders"]
[SourceDate "2020.09.07"]
[SourceVersion "1"]
[SourceVersionDate "2020.09.07"]
[SourceQuality "2"]

1. d4 d5 2. Nf3 Nf6 3. c4 e6 4. Nc3 c6 5. Bg5 dxc4 6. e4 b5 7. e5 h6 8. Bh4 g5
9. Nxg5 hxg5 10. Bxg5 Be7 11. exf6 Bxf6 12. Bxf6 Qxf6 13. g3 Bb7 14. Bg2 Na6
15. a4 O-O-O 16. axb5 cxb5 17. Bxb7+ Kxb7 18. Nxb5 Qf5 19. Qa4 Qe4+ 20. Kd2 Qc6
21. b3 Qb6 22. bxc4 Rxd4+ 23. Ke2 Re4+ 24. Kf3 f5 25. Rhb1 Rf4+ 26. gxf4 Qc6+
27. Ke2 Qe4+ 28. Kd1 Rd8+ 29. Nd6+ Kc7 30. Qa5+ Kxd6 31. Qxd8+ 1-0

[Event "GLC Challenge"]
[Site "London"]
[Date "1986.03.13"]
[Round "3"]
[White "Short, Nigel D"]
[Black "Vaganian, Rafael A"]
[Result "1/2-1/2"]
[WhiteElo "2585"]
[BlackElo "2645"]
[PlyCount "37"]
[EventDate "1986.03.11"]
[EventType "tourn"]
[EventRounds "13"]
[EventCountry "ENG"]
[EventCategory "13"]
[SourceTitle "BritBase"]
[Source "John Saunders"]
[SourceDate "2020.09.07"]
[SourceVersion "1"]
[SourceVersionDate "2020.09.07"]
[SourceQuality "2"]

1. e4 e6 2. d4 d5 3. Nd2 c5 4. exd5 exd5 5. Bb5+ Nc6 6. Ngf3 Bd6 7. dxc5 Bxc5
8. O-O Nge7 9. Nb3 Bd6 10. Bg5 O-O 11. Re1 Bg4 12. Be2 Re8 13. c3 h6 14. Bh4
Qb6 15. Nfd4 Bxe2 16. Rxe2 Nxd4 17. Nxd4 Nc6 18. Nf5 Bf8 19. Nxh6+ 1/2-1/2

[Event "GLC Challenge"]
[Site "London"]
[Date "1986.03.18"]
[Round "6"]
[White "Short, Nigel D"]
[Black "Dlugy, Maxim"]
[Result "1/2-1/2"]
[WhiteElo "2585"]
[BlackElo "2545"]
[PlyCount "57"]
[EventDate "1986.03.11"]
[EventType "tourn"]
[EventRounds "13"]
[EventCountry "ENG"]
[EventCategory "13"]
[SourceTitle "BritBase"]
[Source "John Saunders"]
[SourceDate "2020.09.07"]
[SourceVersion "1"]
[SourceVersionDate "2020.09.07"]
[SourceQuality "2"]

1. e4 c6 2. c4 d5 3. exd5 cxd5 4. cxd5 Qxd5 5. Nc3 Qd6 6. d4 e6 7. Nge2 Nf6 8.
g3 Bd7 9. Bf4 Qb6 10. Bg2 Bc6 11. d5 Nxd5 12. Nxd5 Bb4+ 13. Nec3 Bxd5 14. Bxd5
Bxc3+ 15. bxc3 exd5 16. O-O O-O 17. Qxd5 Rd8 18. Qb3 Qxb3 19. axb3 Nc6 20. Rfd1
Rac8 21. c4 a6 22. Be3 Rxd1+ 23. Rxd1 Rd8 24. Rxd8+ Nxd8 25. Kg2 Nc6 26. Bb6 f5
27. Kf3 Kf7 28. Kf4 Kf6 29. h4 1/2-1/2

[Event "GLC Challenge"]
[Site "London"]
[Date "1986.03.25"]
[Round "12"]
[White "Vaganian, Rafael A"]
[Black "Plaskett, H James"]
[Result "0-1"]
[WhiteElo "2645"]
[BlackElo "2435"]
[PlyCount "78"]
[EventDate "1986.03.11"]
[EventType "tourn"]
[EventRounds "13"]
[EventCountry "ENG"]
[EventCategory "13"]
[SourceTitle "BritBase"]
[Source "John Saunders"]
[SourceDate "2020.09.07"]
[SourceVersion "1"]
[SourceVersionDate "2020.09.07"]
[SourceQuality "2"]

1. Nf3 Nf6 2. c4 b6 3. d4 e6 4. Nc3 Bb4 5. Bg5 Bb7 6. e3 h6 7. Bh4 g5 8. Bg3
Ne4 9. Qc2 Bxc3+ 10. bxc3 Nxg3 11. fxg3 d6 12. Bd3 Nd7 13. O-O Qe7 14. a4 a5
15. Be4 Bxe4 16. Qxe4 O-O 17. Qc6 f5 18. Qxc7 Rfc8 19. Qb7 Qd8 20. Nxg5 hxg5
21. Qf3 Nf6 22. g4 Qe7 23. gxf5 e5 24. h3 Kf7 25. Rab1 Rab8 26. Qe2 Qc7 27. c5
dxc5 28. Rb5 cxd4 29. cxd4 e4 30. Rfb1 Qc2 31. Qe1 g4 32. Qg3 Qc7 33. Re5 Rg8
34. h4 Rbc8 35. Kh2 Nh5 36. Qe1 Rge8 37. Rbb5 Nf6 38. Qg3 Rh8 39. Re6 Rxh4+ 0-1

[Event "GLC Masters"]
[Site "London"]
[Date "1986.03.11"]
[Round "1"]
[White "Carlier, Bruno"]
[Black "Crawley, Gavin"]
[Result "0-1"]
[WhiteElo "2315"]
[BlackElo "2335"]
[PlyCount "88"]
[EventDate "1986.03.11"]
[EventType "tourn"]
[EventRounds "15"]
[EventCountry "ENG"]
[EventCategory "3"]
[SourceTitle "BritBase"]
[Source "John Saunders"]
[SourceDate "2020.09.07"]
[SourceVersion "1"]
[SourceVersionDate "2020.09.07"]
[SourceQuality "2"]

1. e4 e5 2. Nf3 Nc6 3. Bc4 Nf6 4. Ng5 d5 5. exd5 Na5 6. Bb5+ c6 7. dxc6 bxc6 8.
Qf3 Be7 9. Nc3 Bg4 10. Bxc6+ Kf8 11. Bxa8 Bxf3 12. Bxf3 Nd7 13. Nge4 Nc6 14.
O-O Nd4 15. Bd1 f5 16. Ng3 h5 17. Nge2 g6 18. Nxd4 exd4 19. Ne2 Ne5 20. Nf4 Qd6
21. d3 g5 22. Nxh5 f4 23. h3 f3 24. Ng3 Qe6 25. Re1 fxg2 26. Bg4 Nf3+ 27. Bxf3
Qxe1+ 28. Kxg2 Qe6 29. Bg4 Qc6+ 30. Ne4 Qxc2 31. Bxg5 Qxd3 32. Bxe7+ Kxe7 33.
Re1 Kf8 34. Nd6 Rg8 35. Re8+ Kg7 36. Re7+ Kg6 37. Kh2 Rf8 38. Re6+ Kg5 39. Re5+
Kf4 40. Re4+ Qxe4 41. Nxe4 Kxe4 42. Kg2 Rb8 43. b3 d3 44. Kf1 d2 0-1

[Event "GLC Masters"]
[Site "London"]
[Date "1986.03.11"]
[Round "1"]
[White "Condie, Mark L"]
[Black "Mannion, Stephen R"]
[Result "1-0"]
[WhiteElo "2425"]
[BlackElo "2260"]
[PlyCount "61"]
[EventDate "1986.03.11"]
[EventType "tourn"]
[EventRounds "15"]
[EventCountry "ENG"]
[EventCategory "3"]
[SourceTitle "BritBase"]
[Source "John Saunders"]
[SourceDate "2020.09.07"]
[SourceVersion "1"]
[SourceVersionDate "2020.09.07"]
[SourceQuality "2"]

1. Nf3 Nf6 2. c4 e6 3. d4 d5 4. Nc3 Be7 5. Bg5 h6 6. Bxf6 Bxf6 7. e3 O-O 8. Qb3
c6 9. Rd1 b6 10. Bd3 Bb7 11. O-O Nd7 12. e4 dxe4 13. Nxe4 Qe7 14. Rfe1 Rfd8 15.
Bb1 g6 16. Qe3 Bg7 17. h4 h5 18. Neg5 Qf6 19. Be4 Re8 20. b4 Rab8 21. Rd2 Qe7
22. Qb3 Nf6 23. Ne5 Nxe4 24. Rxe4 Bxe5 25. dxe5 Red8 26. Rxd8+ Qxd8 27. Rf4 Qd2
28. Rxf7 Qe1+ 29. Kh2 Qxe5+ 30. g3 Qe2 31. Qb1 1-0

[Event "GLC Masters"]
[Site "London"]
[Date "1986.03.11"]
[Round "1"]
[White "Knott, Simon JB"]
[Black "Needham, Teresa"]
[Result "1-0"]
[WhiteElo "2320"]
[BlackElo "2120"]
[PlyCount "62"]
[EventDate "1986.03.11"]
[EventType "tourn"]
[EventRounds "15"]
[EventCountry "ENG"]
[EventCategory "3"]
[SourceTitle "BritBase"]
[Source "John Saunders"]
[SourceDate "2020.09.07"]
[SourceVersion "1"]
[SourceVersionDate "2020.09.07"]
[SourceQuality "2"]

1. c4 e6 2. Nf3 c5 3. Nc3 Nc6 4. d4 d5 5. e3 Nf6 6. cxd5 exd5 7. Be2 c4 8. O-O
Bb4 9. Bd2 Bxc3 10. Bxc3 Ne4 11. Ne5 Nxc3 12. bxc3 Nxe5 13. dxe5 O-O 14. Qd4
Qa5 15. f4 Bf5 16. g4 Be4 17. Bf3 Rac8 18. Rf2 Rfd8 19. h4 Rc5 20. Rd1 Rcc8 21.
Rdd2 Bd3 22. f5 Rc6 23. Rb2 b6 24. h5 Qc5 25. Bg2 f6 26. e6 Kf8 27. h6 Qe7 28.
g5 Kg8 29. hxg7 Kxg7 30. Bxd5 Kh8 31. gxf6 Rg8+ 1-0

[Event "GLC Masters"]
[Site "London"]
[Date "1986.03.11"]
[Round "1"]
[White "Le Blancq, Simon Charles"]
[Black "Levitt, Jonathan"]
[Result "1/2-1/2"]
[WhiteElo "2410"]
[BlackElo "2395"]
[PlyCount "49"]
[EventDate "1986.03.11"]
[EventType "tourn"]
[EventRounds "15"]
[EventCountry "ENG"]
[EventCategory "3"]
[SourceTitle "BritBase"]
[Source "John Saunders"]
[SourceDate "2020.09.07"]
[SourceVersion "1"]
[SourceVersionDate "2020.09.07"]
[SourceQuality "2"]

1. d4 Nf6 2. c4 e6 3. Nf3 d5 4. Bg5 Be7 5. e3 O-O 6. Nc3 Ne4 7. Bxe7 Qxe7 8.
Bd3 Nxc3 9. bxc3 dxc4 10. Bxc4 b6 11. O-O Bb7 12. Be2 Nd7 13. a4 e5 14. a5 e4
15. Nd2 f5 16. Qb3+ Kh8 17. a6 Bc8 18. Bb5 Nf6 19. Bc6 Rb8 20. Qa3 Qxa3 21.
Rxa3 Be6 22. c4 g6 23. g3 Kg7 24. Rc1 Bd7 25. Bb7 1/2-1/2

[Event "GLC Masters"]
[Site "London"]
[Date "1986.03.11"]
[Round "1"]
[White "McDonald, Neil R"]
[Black "Carton, Patrick"]
[Result "1-0"]
[WhiteElo "2320"]
[BlackElo "2295"]
[PlyCount "51"]
[EventDate "1986.03.11"]
[EventType "tourn"]
[EventRounds "15"]
[EventCountry "ENG"]
[EventCategory "3"]
[SourceTitle "BritBase"]
[Source "John Saunders"]
[SourceDate "2020.09.07"]
[SourceVersion "1"]
[SourceVersionDate "2020.09.07"]
[SourceQuality "2"]

1. Nf3 Nf6 2. g3 e6 3. Bg2 a6 4. O-O b5 5. d3 Bb7 6. e4 d6 7. Nbd2 Be7 8. Nh4
d5 9. f4 dxe4 10. dxe4 O-O 11. Kh1 Qd7 12. Qe2 c5 13. g4 Nc6 14. g5 Ne8 15.
Ndf3 Nd6 16. b3 f5 17. exf5 Nxf5 18. Nxf5 exf5 19. Bb2 Rad8 20. Rad1 Qc8 21.
Ne5 Nd4 22. Bxd4 Rxd4 23. Rxd4 cxd4 24. g6 Bxg2+ 25. Qxg2 hxg6 26. Qd5+ 1-0

[Event "GLC Masters"]
[Site "London"]
[Date "1986.03.11"]
[Round "1"]
[White "Nicholson, John G"]
[Black "Arkell, Keith C"]
[Result "1/2-1/2"]
[WhiteElo "2320"]
[BlackElo "2375"]
[PlyCount "41"]
[EventDate "1986.03.11"]
[EventType "tourn"]
[EventRounds "15"]
[EventCountry "ENG"]
[EventCategory "3"]
[SourceTitle "BritBase"]
[Source "John Saunders"]
[SourceDate "2020.09.07"]
[SourceVersion "1"]
[SourceVersionDate "2020.09.07"]
[SourceQuality "2"]

1. e4 c6 2. d4 d5 3. Nd2 g6 4. Ngf3 Bg7 5. Bd3 Bg4 6. c3 e6 7. O-O Ne7 8. Qb3
Bxf3 9. Nxf3 Qb6 10. Qa3 Nd7 11. Bg5 Bf8 12. c4 dxe4 13. Bxe4 h6 14. Bd2 Nf6
15. Bc2 Nf5 16. Qc3 Bg7 17. Bf4 O-O 18. Be5 Qd8 19. Rad1 b5 20. b3 Qe7 21. h3
1/2-1/2

[Event "GLC Masters"]
[Site "London"]
[Date "1986.03.11"]
[Round "1"]
[White "Orr, Mark JL"]
[Black "Jacobs, Byron A"]
[Result "1-0"]
[WhiteElo "2330"]
[BlackElo "2295"]
[PlyCount "83"]
[EventDate "1986.03.11"]
[EventType "tourn"]
[EventRounds "15"]
[EventCountry "ENG"]
[EventCategory "3"]
[SourceTitle "BritBase"]
[Source "John Saunders"]
[SourceDate "2020.09.07"]
[SourceVersion "1"]
[SourceVersionDate "2020.09.07"]
[SourceQuality "2"]

1. Nf3 g6 2. c4 Bg7 3. d4 d6 4. Nc3 e5 5. g3 exd4 6. Nxd4 Ne7 7. Bg2 Nbc6 8.
Nxc6 Nxc6 9. O-O O-O 10. Qd2 Ne5 11. b3 a6 12. Bb2 Rb8 13. Rad1 Be6 14. Nd5
Bxd5 15. cxd5 Qe7 16. Rc1 f5 17. Rc2 Rbd8 18. Qb4 b6 19. Bxe5 Bxe5 20. Qc4 Rd7
21. Qxa6 h5 22. e4 h4 23. exf5 gxf5 24. Qd3 Qf6 25. Rfc1 Rff7 26. Bh3 Rde7 27.
Rd1 Qg5 28. Rc4 hxg3 29. hxg3 f4 30. Be6 Kf8 31. Bxf7 Rxf7 32. Qf3 fxg3 33. Qg4
gxf2+ 34. Kf1 Qxg4 35. Rxg4 Rf3 36. Ke2 Rc3 37. Rc4 Rxc4 38. bxc4 Ke7 39. Kxf2
Kd7 40. Ke3 Kc8 41. Ke4 Kb7 42. Kf5 1-0

[Event "GLC Masters"]
[Site "London"]
[Date "1986.03.12"]
[Round "2"]
[White "Arkell, Keith C"]
[Black "Knott, Simon JB"]
[Result "0-1"]
[WhiteElo "2375"]
[BlackElo "2320"]
[PlyCount "142"]
[EventDate "1986.03.11"]
[EventType "tourn"]
[EventRounds "15"]
[EventCountry "ENG"]
[EventCategory "3"]
[SourceTitle "BritBase"]
[Source "John Saunders"]
[SourceDate "2020.09.07"]
[SourceVersion "1"]
[SourceVersionDate "2020.09.07"]
[SourceQuality "2"]

1. e4 e6 2. d4 d5 3. Nd2 Nf6 4. e5 Nfd7 5. Bd3 c5 6. c3 Nc6 7. Ne2 cxd4 8. cxd4
Nb6 9. O-O Bd7 10. Nf3 Be7 11. Be3 Nb4 12. Bb1 a5 13. Ng3 h5 14. a3 Nc6 15. Bd3
a4 16. h4 Bxh4 17. Nxh4 Qxh4 18. Qd2 Na5 19. Rac1 Nbc4 20. Bxc4 Nxc4 21. Qe1
O-O 22. f4 Qg4 23. Rf3 Nxe3 24. Qxe3 Rac8 25. Ne2 Rxc1+ 26. Nxc1 Rc8 27. Qd2
Qf5 28. Nd3 Bb5 29. Ne1 Qb1 30. Rc3 Rxc3 31. Qxc3 Qe4 32. Qc8+ Kh7 33. Qc2 Qxc2
34. Nxc2 g5 35. Kf2 Kg6 36. g3 f6 37. exf6 Kxf6 38. Ne3 Bd3 39. Kg2 Bf5 40. Kf2
Kg6 41. Kg2 Be4+ 42. Kh3 b6 43. Kh2 h4 44. Kh3 Bf5+ 45. Kg2 b5 46. Kh2 Kh5 47.
fxg5 Kxg5 48. gxh4+ Kxh4 49. Kg2 Be4+ 50. Kf2 Kg5 51. Kg3 e5 52. dxe5 d4 53.
Nf1 Kf5 54. e6 Kxe6 55. Kf4 Kd5 56. Nd2 Bh1 57. Kg3 Ke5 58. Kf2 Kf4 59. b3 b4
60. bxa4 bxa3 61. Nb3 a2 62. Ke2 Bd5 63. Na1 Bc4+ 64. Kd2 Kf3 65. a5 Kf2 66.
Kc1 d3 67. Kd2 Kf3 68. Kc3 Ke2 69. a6 Bxa6 70. Nb3 d2 71. Nd4+ Kf2 0-1

[Event "GLC Masters"]
[Site "London"]
[Date "1986.03.12"]
[Round "2"]
[White "Carton, Patrick"]
[Black "Nicholson, John G"]
[Result "1/2-1/2"]
[WhiteElo "2295"]
[BlackElo "2320"]
[PlyCount "48"]
[EventDate "1986.03.11"]
[EventType "tourn"]
[EventRounds "15"]
[EventCountry "ENG"]
[EventCategory "3"]
[SourceTitle "BritBase"]
[Source "John Saunders"]
[SourceDate "2020.09.07"]
[SourceVersion "1"]
[SourceVersionDate "2020.09.07"]
[SourceQuality "2"]

1. e4 c5 2. Nf3 e6 3. d4 cxd4 4. Nxd4 Nf6 5. Nc3 d6 6. g4 h6 7. h4 Nc6 8. Rg1
h5 9. gxh5 Nxh5 10. Bg5 Nf6 11. Be2 a6 12. Qd2 Qb6 13. Nb3 Qc7 14. O-O-O Bd7
15. h5 Be7 16. f4 O-O-O 17. Rg3 Kb8 18. Rd3 Bc8 19. a3 Nxh5 20. Bxe7 Nxe7 21.
e5 d5 22. Bxh5 Rxh5 23. Ne4 Nc6 24. Nd4 Nxd4 1/2-1/2

[Event "GLC Masters"]
[Site "London"]
[Date "1986.03.12"]
[Round "2"]
[White "Crawley, Gavin"]
[Black "Condie, Mark L"]
[Result "1/2-1/2"]
[WhiteElo "2335"]
[BlackElo "2425"]
[PlyCount "44"]
[EventDate "1986.03.11"]
[EventType "tourn"]
[EventRounds "15"]
[EventCountry "ENG"]
[EventCategory "3"]
[SourceTitle "BritBase"]
[Source "John Saunders"]
[SourceDate "2020.09.07"]
[SourceVersion "1"]
[SourceVersionDate "2020.09.07"]
[SourceQuality "2"]

1. Nf3 Nf6 2. c4 e6 3. Nc3 d5 4. d4 Nbd7 5. Qb3 dxc4 6. Qxc4 c5 7. Be3 Nb6 8.
Qb3 Nbd5 9. Nxd5 Nxd5 10. Bd2 cxd4 11. Nxd4 Be7 12. g3 O-O 13. Bg2 Bf6 14. Nb5
Bd7 15. Nd6 Bc6 16. Nc4 Nb6 17. Bxc6 bxc6 18. Ne3 Rb8 19. Qc2 Nd5 20. Nc4 Qc8
21. Rc1 Qa6 22. b3 c5 1/2-1/2

[Event "GLC Masters"]
[Site "London"]
[Date "1986.03.12"]
[Round "2"]
[White "Mannion, Stephen R"]
[Black "Le Blancq, Simon Charles"]
[Result "1-0"]
[WhiteElo "2260"]
[BlackElo "2410"]
[PlyCount "133"]
[EventDate "1986.03.11"]
[EventType "tourn"]
[EventRounds "15"]
[EventCountry "ENG"]
[EventCategory "3"]
[SourceTitle "BritBase"]
[Source "John Saunders"]
[SourceDate "2020.09.07"]
[SourceVersion "1"]
[SourceVersionDate "2020.09.07"]
[SourceQuality "2"]

1. d4 Nf6 2. Nf3 e6 3. e3 c5 4. c3 b6 5. Nbd2 Be7 6. Bd3 O-O 7. O-O Ba6 8. Bxa6
Nxa6 9. Qe2 Qc8 10. e4 d5 11. e5 Nd7 12. h4 cxd4 13. cxd4 Nb4 14. a3 Qa6 15.
Qxa6 Nxa6 16. Nb3 Rac8 17. Bd2 Rc4 18. Rfc1 Rfc8 19. Kf1 Rxc1+ 20. Rxc1 Rxc1+
21. Bxc1 f6 22. Bf4 Nab8 23. g3 Nc6 24. Ke2 b5 25. exf6 gxf6 26. Bc7 e5 27. h5
Kf7 28. Nh4 Ke6 29. f4 exf4 30. gxf4 f5 31. Nf3 h6 32. Ne5 Ndxe5 33. Bxe5 Bf8
34. Bh8 Kf7 35. Be5 Ke6 36. Ke3 Kf7 37. Kd3 Ke6 38. Nd2 Na5 39. Nf3 Bd6 40.
Bxd6 Kxd6 41. Ne5 Nc4 42. Kc3 Ke6 43. Kb4 Nxb2 44. Kxb5 Kd6 45. a4 Kc7 46. a5
Nd1 47. Kc5 Ne3 48. a6 Ng4 49. Kxd5 Nf6+ 50. Ke6 Nxh5 51. Nd3 Ng3 52. d5 Ne4
53. Kxf5 Nd6+ 54. Ke6 h5 55. f5 h4 56. Nf4 Ne4 57. Ke7 Ng3 58. f6 Nf5+ 59. Ke6
Nd4+ 60. Ke5 Nf3+ 61. Ke4 Ng5+ 62. Kf5 Nf7 63. Ke6 Nd6 64. Nh3 Ne4 65. f7 Nc5+
66. Ke7 Nd7 67. Nf4 1-0

[Event "GLC Masters"]
[Site "London"]
[Date "1986.03.12"]
[Round "2"]
[White "Needham, Teresa"]
[Black "Lalic, Susan Kathryn"]
[Result "1/2-1/2"]
[WhiteElo "2120"]
[BlackElo "2220"]
[PlyCount "87"]
[EventDate "1986.03.11"]
[EventType "tourn"]
[EventRounds "15"]
[EventCountry "ENG"]
[EventCategory "3"]
[SourceTitle "BritBase"]
[Source "John Saunders"]
[SourceDate "2020.09.07"]
[SourceVersion "1"]
[SourceVersionDate "2020.09.07"]
[SourceQuality "2"]

1. e4 e6 2. d4 d5 3. Nc3 Bb4 4. exd5 exd5 5. a3 Be7 6. Bd3 Nc6 7. Nge2 Bf6 8.
Be3 Nge7 9. O-O Bf5 10. Ng3 Bxd3 11. Qxd3 g6 12. b4 Qd7 13. Na4 b6 14. b5 Na5
15. Nb2 O-O 16. a4 c5 17. Rad1 c4 18. Qe2 Bg7 19. Rfe1 Nf5 20. Qg4 Rfe8 21. c3
Re7 22. Nxf5 Qxf5 23. Qxf5 gxf5 24. Bg5 Re6 25. f3 Kf8 26. Kf2 Ke8 27. Rd2 a6
28. Rde2 Kd7 29. Nd1 axb5 30. axb5 Nb3 31. Ne3 Ra5 32. Nxd5 Rxb5 33. Nf4 Rxe2+
34. Rxe2 f6 35. Bh4 Bh6 36. Nh5 Nc1 37. Nxf6+ Kc8 38. Re8+ Kb7 39. Re7+ Ka6 40.
Kg3 Rb2 41. Kh3 Ne2 42. Nd5 Ng1+ 43. Kg3 Ne2+ 44. Kh3 1/2-1/2

[Event "GLC Masters"]
[Site "London"]
[Date "1986.03.13"]
[Round "3"]
[White "Carlier, Bruno"]
[Black "Needham, Teresa"]
[Result "1-0"]
[WhiteElo "2315"]
[BlackElo "2120"]
[PlyCount "77"]
[EventDate "1986.03.11"]
[EventType "tourn"]
[EventRounds "15"]
[EventCountry "ENG"]
[EventCategory "3"]
[SourceTitle "BritBase"]
[Source "John Saunders"]
[SourceDate "2020.09.07"]
[SourceVersion "1"]
[SourceVersionDate "2020.09.07"]
[SourceQuality "2"]

1. e4 e5 2. Nf3 Nc6 3. Bc4 Nf6 4. d3 Bc5 5. O-O O-O 6. Bb3 d6 7. c3 Bb6 8. Bg5
Be6 9. Bc2 Ne7 10. Nh4 Ng6 11. Nf5 h6 12. Bc1 d5 13. Qf3 Nh7 14. g3 Qf6 15. Nd2
Rad8 16. Re1 dxe4 17. dxe4 c6 18. Nf1 Kh8 19. N1e3 Rd7 20. h4 Qd8 21. Ng4 f6
22. Bb3 Rd3 23. Qe2 Re8 24. Bxe6 Rxe6 25. Be3 Bxe3 26. Ngxe3 Rd2 27. Qg4 Qe8
28. h5 Ng5 29. hxg6 Qxg6 30. Kg2 Re8 31. Rad1 Rxb2 32. Rd7 Rg8 33. Red1 Qe8 34.
Re7 Qb8 35. Rdd7 Rxa2 36. Qh5 c5 37. Nxh6 Rxf2+ 38. Kxf2 Nxe4+ 39. Kg2 1-0

[Event "GLC Masters"]
[Site "London"]
[Date "1986.03.13"]
[Round "3"]
[White "Lalic, Susan Kathryn"]
[Black "Arkell, Keith C"]
[Result "1-0"]
[WhiteElo "2220"]
[BlackElo "2375"]
[PlyCount "81"]
[EventDate "1986.03.11"]
[EventType "tourn"]
[EventRounds "15"]
[EventCountry "ENG"]
[EventCategory "3"]
[SourceTitle "BritBase"]
[Source "John Saunders"]
[SourceDate "2020.09.07"]
[SourceVersion "1"]
[SourceVersionDate "2020.09.07"]
[SourceQuality "2"]

1. e4 g6 2. d4 Bg7 3. Nc3 c6 4. Be3 b5 5. Nf3 d6 6. Bd3 Qc7 7. O-O a6 8. Qd2
Nd7 9. Rad1 Bb7 10. Ne2 e5 11. dxe5 dxe5 12. c4 Ngf6 13. Qc2 O-O 14. cxb5 axb5
15. Nc3 Qa5 16. b3 Rfe8 17. a4 bxa4 18. Nxa4 h6 19. h3 Bf8 20. Nd2 c5 21. f3
Nh5 22. Bc4 Nf4 23. Nb1 Nf6 24. Bxf4 exf4 25. e5 Nh7 26. Qxg6+ Kh8 27. Bxf7 Bg7
28. Bxe8 Nf8 29. Qh5 Ba6 30. Rf2 Rd8 31. Rfd2 Rd4 32. Rxd4 cxd4 33. e6 Qb4 34.
Nc5 Be2 35. Rd2 d3 36. e7 Bd4+ 37. Kh2 Bxc5 38. Qe5+ Kg8 39. Bf7+ Kh7 40. Qf5+
Kg7 41. e8=N+ 1-0